Entry Personal Name
Number of records used in: 1
001 - CONTROL NUMBER
003 - CONTROL NUMBER IDENTIFIER
005 - DATE AND TIME OF LATEST TRANSACTION
- control field:
20231121161835.0
008 - FIXED-LENGTH DATA ELEMENTS
- fixed length control field:
000127n| acannaabn |a aaa c
010 ## - LIBRARY OF CONGRESS CONTROL NUMBER
- LC control number:
no 00005798
035 ## - SYSTEM CONTROL NUMBER
- System control number:
(OCoLC)oca05142991
040 ## - CATALOGING SOURCE
- Original cataloging agency:
WaU
- Language of cataloging:
eng
- Transcribing agency:
WaU
100 1# - HEADING--PERSONAL NAME
- Personal name:
Sheaffer, Craig C.
400 1# - SEE FROM TRACING--PERSONAL NAME
- Personal name:
Sheaffer, C. C.
- Fuller form of name:
(Craig C.)
670 ## - SOURCE DATA FOUND
- Source citation:
Forage legumes, c1993:
- Information found:
t.p. (Craig C. Sheaffer)
670 ## - SOURCE DATA FOUND
- Source citation:
OCLC, Jan. 27, 2000
- Information found:
(hdgs.: Sheaffer, C. C.; Sheaffer, Craig C.; usage: C.C. Sheaffer; Craig C. Sheaffer)